000 00322nam a2200133Ia 4500
008 191201s2009 xx 000 0 und d
082 _a005.2
_bCOW
100 _aCONGER, Jim
245 0 _aWindows Programming Primer Plus
260 _aN.Delhi
_bGalgatia Pub. Pvt
_c2009
300 _a714
650 _aMCA
942 _2ddc
_cBK
999 _c3698
_d3698